000 01297nam a2200253 u 4500
001 000812639
003 AM-YeHGA
005 20250617144441.0
008 110527s1973 ||||||||||||||||||||rus d
040 _aAM-YeHGA
041 0 _arus
100 1 _aЛихтенштейн, Абрам Овсеевич
245 1 0 _aХронические воспалительные заболевания легких /
_cА.О. Лихтенштейн, А.П. Максимов, О.С. Радбиль; Казанский гос. ин-т усоверш. врачей, Татар. респ. дом сан. просвещения .
260 _aКазань :
_bТатарское кн. изд-во,
_c1973.
300 _a126 с. :
_bил.
650 1 4 _aБолезни легких
650 1 4 _aГрудная хирургия
650 1 4 _aЛегочная патология
700 1 _aМаксимов, Александр Петрович
700 1 _aРадбиль, Оскар Самойлович
710 2 _aКазанский государственный институт усовершенствования врачей им. В.И. Ленина
710 2 _aТатарский республиканский дом санитарного просвещения
090 _c296073
999 _c294384
_d294384